00555nam a2200133Ia 4500008004100000100002600041245013000067260003600197300001800233650001000251856006800261999001900329952007300348160712s9999 xx 000 0 und d aCamposano, Clement C. cClement C. CamposanoaEnacting Embeddedness through the Transnational Traffic in Goods: The Case of Ilonggo OFWs in Hong Kong c2011bReview of Women's Studies avol. 21 no. 2 xWOMEN uhttp://journals.upd.edu.ph/index.php/rws/issue/view/440/showToc c297696d297696 001040aCLbCLd2016-07-12l0r2016-07-12 00:00:00w2016-07-12yFEJ